000 00333nam a2200133Ia 4500
008 151001s9999||||xx |||||||||||||| ||und||
100 _aजितेंद्र मित्तल
245 _aएक बयान
250 _a2
260 _bसंभावना
260 _c2007
300 _a64
365 _b21
999 _c988010
_d988007